Evsizlik defterleri (Record no. 3248)

MARC details
000 -BAŞLIK
Sabit Uzunlukta Kontrol Alanı 00701na a2200241 4500
001 - KONTROL NUMARASI
Denetim Alanı 16654
003 - KONTROL NUMARASI IDENTIFIER
Denetim Alanı MIRAKIL
005 - SON İŞLEM TARİHİ VE ZAMANI
Denetim Alanı 20181213154925.0
008 - SABİT-BOY VERİ ELEMANLARI - GENEL BİLGİLER
Sabit Uzunlukta Kontrol Alanı 161013b tu 000 0
020 ## - ULUSLARARASI STANDART KİTAP NUMARASI
Uluslararası Standart Kitap Numarası 9786055853013
040 ## - KATALOGLAMA KAYNAK
Orijinal Kataloglama Ajansı Milas
Kataloglama Dili tur
Metne Dönüştürmek Ajansı TR-AnCHP
041 ## - DİL KODU
Metin / Ses Parça Veya Ayrı Başlığın Dil Kodu tur
082 ## - DEWEY ONLU SINIFLANDIRMA NUMARASI
Sınıflandırma Numarası 928 Başer,N.
Ürün Numarası B27e 2008
090 ## - SINIFLAMA NUMARASI
Sınıflama Numarası 928 Başer,N. B27e 2008
100 ## - ANA GİRİŞ - KİŞİSEL İSİM
Kişisel Ad Başer, Nami
245 ## - BAŞLIK TABLOSU
Başlık Evsizlik defterleri
Başlığın Kalan I-II/V
Sorumluluk Tablosu, Vb Nami Başer ; yayına hazırlayan İnönü Bayramoğlu
260 ## - YAYIN, DAĞITIM, VB
Yayın, Dağıtım, Vb Yeri Ankara
Yayıncı, Dağıtıcı, Vs Adı Periferi Kitap
Yayın, Dağıtım, Vb Tarihi 2008
300 ## - FİZİKSEL TANIM
Kapsam 136, [54] s.
Boyutlar 21 sm.
600 ## - KONU KATMA GİRİŞ - KURUMSAL ADI
Kişisel Ad Başer, Nami
Genel Alt Bölümü Günlükler
650 ## - KONU KATMA GİRİŞ - TOPİKAL DÖNEM
Topikal Süreli Veya Coğrafi Ad Giriş Elemanı Edebiyatçılar
Genel Alt Bölümü Günlükler
700 ## - KATMA GİRİŞ - KİŞİSEL İSİM
Kişisel Ad Bayramoğlu, Inönü
942 ## - EKLENDİ GİRİŞ ELEMANLARI (KOHA)
Sınıflandırma Veya Raf Düzeni Kaynak Dewey Decimal Classification
Koha Öğesi Türü Books
999 ## - SİSTEM KONTROL NUMARALARI (KOHA)
Koha Biblionumber 3248
Koha Biblioitemnumber 3248
Holdings
Kalıcı Konum Mevcut Konum Edinme Tarihi Edinim Kaynak Toplam Check-Out'Lar Tam Çağrı Numarası Barkod Tarih Son Görülme İtibaren Geçerli Fiyatlar Koha Öğesi Türü
CHP Kütüphanesi CHP Kütüphanesi 10/09/2016 Bağış   928 Başer,N. B27e 2008 006663 10/09/2016 10/09/2016 Books